Ryan Gosling movies - Statistics

General Stats
  • This quiz has been taken 36 times
  • The average score is 8 of 15
Answers on the Grid
Answers color-coded by a green-red scale on the quiz's grid according to % correct below.
Drive
Baby Driver
Remember the titans
Song to song
Predator
Kong: Skull island
United states of Leeland
The Fugitive
Blade Runner 2049
The Notebook
The Journal
F1
Project hail mary
The martian
Red notice
The fall guy
Ken
Barbie
The ideas of march
The last man
The last kingdom
Valentine's day
Blue Valentine
The artist
Stay
Lars and the real girl
Zoolander
Speed
The believer
The place beyond the pines
 
Answer Stats
Answer % Correct
Drive
88%
Blade Runner 2049
83%
Barbie
79%
The fall guy
79%
Project hail mary
75%
The Notebook
71%
Blue Valentine
54%
Lars and the real girl
54%
Remember the titans
54%
The place beyond the pines
50%
The ideas of march
46%
United states of Leeland
33%
Stay
21%
The believer
21%
Song to song
17%
No matching quizzes found
Score Distribution
Percent of People with Each Score
Percentile by Number Answered
Your Score History
You have not taken this quiz